000 00676cam a22002413a 4500
001 17279
003 PGUSA
005 20140828083353.0
008 051211s2005||||xxu|||||s|||||000 1 eng d
040 _aPGUSA
_beng
042 _adc
050 4 _aPS
100 1 _aDougall, L.
_q(Lily),
_d1858-1923
245 1 4 _aThe Mormon Prophet
_h[electronic resource] /
_cL. Dougall
260 _bProject Gutenberg,
_c2005
506 _aPublic domain in the USA.
516 _aElectronic text
653 _aMormons -- Fiction
653 _aSmith, Joseph, 1805-1844 -- Fiction
830 0 _aProject Gutenberg
_v17279
856 4 0 _uhttp://www.gutenberg.org/ebooks/17279
942 _cEB
999 _c246534
_d246534